Hamlet / (Record no. 185246)

MARC details
000 -LEADER
campo de control de longitud fija 01031nam a2200289 i 4500
001 - NÚMERO DE CONTROL
campo de control 185246
003 - IDENTIFICADOR DE NÚMERO DE CONTROL
campo de control SpMaBN
005 - FECHA Y HORA DE LA ÚLTIMA TRANSACCIÓN
campo de control 20240507111709.0
008 - DATOS DE LONGITUD FIJA--INFORMACIÓN GENERAL
campo de control de longitud fija 160425s2009 sp aego |||| |dspa d
020 ## - NÚMERO INTERNACIONAL ESTÁNDAR DEL LIBRO
Número Internacional Estándar del Libro 978-84-87744-46-4
080 ## - NÚMERO DE LA CLASIFICACIÓN DECIMAL UNIVERSAL
Número de la Clasificación Decimal Universal 792(083.97)
080 ## - NÚMERO DE LA CLASIFICACIÓN DECIMAL UNIVERSAL
Número de la Clasificación Decimal Universal 821.111-21"15"
245 00 - MENCIÓN DEL TÍTULO
Título Hamlet /
Mención de responsabilidad, etc. William Shakespeare ; versión y dirección, Tomaz Pandur.
250 ## - MENCION DE EDICION
Mención de edición 1ª ed.
260 ## - PUBLICACIÓN, DISTRIBUCIÓN, ETC.
Lugar de publicación, distribución, etc. Madrid :
Nombre del editor, distribuidor, etc. Teatro Español,
Fecha de publicación, distribución, etc. 2009.
300 ## - DESCRIPCIÓN FÍSICA
Extensión 268 p. :
Otras características físicas il. col., fot., mús., planos ;
Dimensiones 20 x 20 cm.
490 1# - MENCIÓN DE SERIE
Mención de serie Cuadernos del Teatro Español ;
Designación de volumen o secuencia 23
500 ## - NOTA GENERAL
Nota general En cub.: Temporada 2009 - Matadero Madrid. Naves del Español.
650 #7 - PUNTO DE ACCESO ADICIONAL DE MATERIA--TÉRMINO DE MATERIA
Término de materia o nombre geográfico como elemento de entrada Teatro-
Subdivisión general Programas.
9 (RLIN) 145288
700 1# - ENTRADA AGREGADA--NOMBRE PERSONAL
Nombre de persona Shakespeare, William,
Fechas asociadas al nombre 1564-1616.
Título de la obra Hamlet
9 (RLIN) 105997
700 1# - ENTRADA AGREGADA--NOMBRE PERSONAL
Nombre de persona Pandur, Tomaz.
9 (RLIN) 159440
710 2# - ENTRADA AGREGADA--NOMBRE DE ENTIDAD CORPORATIVA
Nombre de entidad corporativa o nombre de jurisdicción como elemento de entrada Teatro Español (Madrid)
9 (RLIN) 143020
830 0# - PUNTO DE ACCESO ADICIONAL DE SERIE-TÍTULO UNIFORME
Título uniforme Cuadernos del Teatro Español ;
Designación de volumen o secuencia 23
9 (RLIN) 189460
852 ## - LOCALIZACIÓN
Ubicación ES-MaACL
Número de control de estantería A-13718
itemnumber 192266
Sublocalización o colección R.150744
Ubicación en estantería Depósito 1
Signatura antigua Olim: N-6718
942 ## - ELEMENTOS DE ENTRADA SECUNDARIOS (KOHA)
Fuente del sistema de clasificación o colocación Clasificación decimal universal
Holdings
Estatus retirado Estado de pérdida Fuente del sistema de clasificación o colocación Estado de daño No para préstamo Biblioteca de origen Biblioteca actual Ubicación en estantería Fecha de adquisición Fuente de adquisición Total de préstamos Signatura topográfica completa Código de barras Visto por última vez Precio de reemplazo Tipo de ítem Koha
    Clasificación decimal universal     Biblioteca del Ateneo de Madrid Biblioteca del Ateneo de Madrid Depósito 1 25/04/2016 Donación   A-13718 1195160 23/02/2023 23/02/2023 Libro impreso